Feminist perspectives on child law (Record no. 18163)

MARC details
000 -LEADER
fixed length control field 00536nam a22001817a 4500
008 - FIXED-LENGTH DATA ELEMENTS--GENERAL INFORMATION
fixed length control field 200124b xxu||||| |||| 00| 0 eng d
020 ## - INTERNATIONAL STANDARD BOOK NUMBER
International Standard Book Number 1859415253
040 ## - CATALOGING SOURCE
Original cataloging agency KABU
Transcribing agency KABU
050 ## - LIBRARY OF CONGRESS CALL NUMBER
Classification number HQ784
Item number .F46 2000 c. 1
245 ## - TITLE STATEMENT
Title Feminist perspectives on child law
Statement of responsibility, etc. edited by Jo Bridgeman and Daniel Monk
260 ## - PUBLICATION, DISTRIBUTION, ETC. (IMPRINT)
Place of publication, distribution, etc. London
Name of publisher, distributor, etc. Routledge
Date of publication, distribution, etc. 2000
300 ## - PHYSICAL DESCRIPTION
Extent xxv, 343 p.
650 ## - SUBJECT ADDED ENTRY--TOPICAL TERM
Topical term or geographic name as entry element Children's rights
650 ## - SUBJECT ADDED ENTRY--TOPICAL TERM
Topical term or geographic name as entry element Children
General subdivision Political activity
700 ## - ADDED ENTRY--PERSONAL NAME
Personal name Bridgeman, Jo
700 ## - ADDED ENTRY--PERSONAL NAME
Personal name Monk, Daniel
942 ## - ADDED ENTRY ELEMENTS (KOHA)
Source of classification or shelving scheme Library of Congress Classification
Koha item type General Collection
Classification part HQ784
Holdings
Withdrawn status Lost status Source of classification or shelving scheme Not for loan Home library Current library Date acquired Cost, normal purchase price Total Checkouts Full call number Barcode Date last seen Date last checked out Copy number Price effective from Koha item type
    Library of Congress Classification   Kabarak, Main Campus Kabarak, Main Campus 24/01/2020 4731.00 1 HQ784 .F46 2000 c. 1 028112 15/10/2024 20/09/2024 c. 1 24/01/2020 General Collection
    Library of Congress Classification   Kabarak, Main Campus Kabarak, Main Campus 24/01/2020 4731.00 1 HQ784 .F46 2000 c. 2 028113 07/10/2024 20/09/2024 c. 2 24/01/2020 General Collection
Designed with assistance from East African Informatics Ltd